000 00518nam a2200193Ia 4500
005 20250508163332.0
008 008 250505s9999 xx 000 0 eng d
020 _a019 437077 1
037 _aTextual
040 _aFEDL
_beng
_cFEDL
041 _aeng
_2eng
084 _a407, WID
_qFEDL
100 _aWiddowson H G
245 0 _aTeaching language as communication
260 _aOxford
_bOxford University Press
_c1985
300 _axi,168p
942 _cTEXL
_h407, WID
999 _c1382392
_d1382392